000 00862nam a2200313 b 4500
001 28249
003 DO-SdBNP
005 20180223115206.0
007 28249
008 990702s1997 sp | ||| ||spa
016 7 _a
_2BPMSU
017 _b
020 _a8434865505
035 _a
040 _aBPMSU
_bspa
_cBPMSU
_e
041 1 _aspa
_h
080 0 _a
100 1 _aGiff, Patricia Reilly
240 1 0 _aLily's crossing
_lespañol
245 1 0 _aRelato de un verano /
_cPatricia Reilly Giff ; traducción Alejandro Valero
_h
260 _aMadrid :
_bSM,
_c1997
300 _a174 p. :
_c21 cm
490 _aEl barco de vapor.
_aSerie Oro.
_v16
700 _aVelero, Alejandro
_etr.
830 _aEl barco de vapor.
_pSerie Oro.
_v16
942 _2ddc
_cBK
945 _aInventariado, 2018 / BT
956 _aVMATEO
_210
_320160420
_6BPMSU
_80069
999 _c9866
_d9866